Mercader de azucar, hispanista y hereje / (Record no. 44784)

MARC details
000 -LEADER
campo de control de longitud fija 00586nam a2200181 i 4500
001 - NÚMERO DE CONTROL
campo de control 44784
003 - IDENTIFICADOR DE NÚMERO DE CONTROL
campo de control ES-MaACL
005 - FECHA Y HORA DE LA ÚLTIMA TRANSACCIÓN
campo de control 20250808063500.0
007 - CAMPO FIJO DE DESCRIPCIÓN FÍSICA--INFORMACIÓN GENERAL
campo de control de longitud fija t|
008 - DATOS DE LONGITUD FIJA--INFORMACIÓN GENERAL
campo de control de longitud fija 030324s1963 sp ||||1| spa d
100 1# - ENTRADA PRINCIPAL--NOMBRE DE PERSONA
Nombre de persona Cioranescu, Alejandro,
Fechas asociadas al nombre 1911-1999
9 (RLIN) 38865
245 10 - MENCIÓN DEL TÍTULO
Título Mercader de azucar, hispanista y hereje /
Mención de responsabilidad, etc. Alejandro Cioranescu, Thomas Nichols.
260 ## - PUBLICACIÓN, DISTRIBUCIÓN, ETC.
Lugar de publicación, distribución, etc. La Laguna de Tenerife :
Nombre del editor, distribuidor, etc. [s.n.,
Fecha de publicación, distribución, etc. 1963] (
Fabricante Gráf Goya)
300 ## - DESCRIPCIÓN FÍSICA
Extensión 130 p., 4 lám. ;
Dimensiones 21 cm.
700 1# - ENTRADA AGREGADA--NOMBRE PERSONAL
Nombre de persona Nichols, Thomas.
9 (RLIN) 85539
852 ## - LOCALIZACIÓN
Ubicación ES-MaACL
Número de control de estantería C-24861
Sublocalización o colección R.52328
Holdings
Estatus retirado Estado de pérdida Estado de daño No para préstamo Biblioteca de origen Biblioteca actual Ubicación en estantería Fecha de adquisición Fuente de adquisición Total de préstamos Signatura topográfica completa Código de barras Visto por última vez Precio de reemplazo Tipo de ítem Koha
        Biblioteca del Ateneo de Madrid Biblioteca del Ateneo de Madrid Depósito 2 17/01/2008     C-24861 1047132 23/02/2023 23/02/2023 Libro impreso